<?xml version="1.0" encoding="UTF-8"?>
<record
    xmlns:xsi="http://www.w3.org/2001/XMLSchema-instance"
    xsi:schemaLocation="http://www.loc.gov/MARC21/slim http://www.loc.gov/standards/marcxml/schema/MARC21slim.xsd"
    xmlns="http://www.loc.gov/MARC21/slim">

  <leader>00620cam a22002051  4500</leader>
  <controlfield tag="001">ne 64000882 </controlfield>
  <controlfield tag="003">DLC</controlfield>
  <controlfield tag="005">20260227111758.0</controlfield>
  <controlfield tag="008">860814s1963    ua ach        000 0 arar </controlfield>
  <datafield tag="010" ind1=" " ind2=" ">
    <subfield code="a">ne 64000882 </subfield>
  </datafield>
  <datafield tag="025" ind1=" " ind2=" ">
    <subfield code="a">PL480:UAR-3972</subfield>
  </datafield>
  <datafield tag="035" ind1=" " ind2=" ">
    <subfield code="a">(OCoLC)23488049</subfield>
  </datafield>
  <datafield tag="040" ind1=" " ind2=" ">
    <subfield code="a">DLC</subfield>
    <subfield code="c">MiU</subfield>
    <subfield code="d">DLC</subfield>
  </datafield>
  <datafield tag="050" ind1="0" ind2="0">
    <subfield code="a">E169</subfield>
    <subfield code="b">.S565</subfield>
  </datafield>
  <datafield tag="100" ind1="1" ind2=" ">
    <subfield code="a">&#x1E62;idq&#x12B;, J&#x101;dhib&#x12B;yah</subfield>
  </datafield>
  <datafield tag="245" ind1="1" ind2="0">
    <subfield code="a">Amr&#x12B;k&#x101; wa-an&#x101; /</subfield>
    <subfield code="c">ta&#x2BC;l&#x12B;f J&#x101;dhib&#x12B;yah &#x1E62;idq&#x12B;.</subfield>
  </datafield>
  <datafield tag="260" ind1=" " ind2=" ">
    <subfield code="a">al-Q&#x101;hirah,</subfield>
    <subfield code="b">Maktabat al-Nah&#x1E0D;ah al-Mi&#x1E63;r&#x12B;yah,</subfield>
    <subfield code="c">1963?</subfield>
  </datafield>
  <datafield tag="300" ind1=" " ind2=" ">
    <subfield code="a">247 p.</subfield>
    <subfield code="b">illus., ports., facsim.</subfield>
    <subfield code="c">24 cm.</subfield>
  </datafield>
  <datafield tag="651" ind1=" " ind2="0">
    <subfield code="a">United States</subfield>
    <subfield code="x">Description and travel.</subfield>
  </datafield>
  <datafield tag="999" ind1=" " ind2=" ">
    <subfield code="c">46877</subfield>
    <subfield code="d">46877</subfield>
  </datafield>
</record>
